Statistics for Top 10 Most Forested Countries in Africa

Click here to take the quiz!

General Stats

  • This quiz has been taken 58 times
  • The average score is 7 of 10

Answer Stats

PercentCountry% Correct
55.6%Democratic Republic of the Congo
100%
64.3%Republic of the Congo
94%
87.3%Equatorial Guinea
78%
53.4%Angola
75%
91.3%Gabon
73%
60.3%Zambia
65%
54.1%São Tomé and Príncipe
57%
70.4%Guinea-Bissau
49%
79.1%Liberia
47%
73.3%Seychelles
43%

Score Distribution

Percentile by Number Answered

Percent of People with Each Score

Your Score History

You have not taken this quiz